[Event "World Blitz Women 2017"]
[Site "Riyadh KSA"]
[Date "2017.12.29"]
[Round "3.18"]
[White "Hoang, Thi Bao Tram"]
[Black "Ushenina, Anna"]
[Result "1-0"]
[WhiteTitle "WGM"]
[BlackTitle "GM"]
[WhiteElo "2410"]
[BlackElo "2416"]
[WhiteFideId "12401102"]
[BlackFideId "14110911"]
[EventDate "2017.12.29"]

1. d4 d5 2. Bf4 Nf6 3. e3 g6 4. c4 Bg7 5. Nf3 O-O 6. Nc3 c5 7. Be2 cxd4 8. exd4
b6 9. O-O Bb7 10. Ne5 dxc4 11. Bxc4 Nc6 12. Nxc6 Bxc6 13. Be5 Bb7 14. Qe2 Rc8
15. Rfd1 Qd7 16. f3 Rfd8 17. Rac1 Qf5 18. Bb3 Qh5 19. Bg3 e6 20. Be5 Ne8 21.
Bxg7 Nxg7 22. Ne4 Bxe4 23. Qxe4 Nf5 24. Rxc8 Rxc8 25. d5 exd5 26. Qxd5 Rf8 27.
Bc2 Ne3 28. Qxh5 gxh5 29. Rd2 Rc8 30. Be4 Rc1+ 31. Kf2 Nc4 32. Rd8+ Kg7 33. b3
Ne5 34. Rd2 h4 35. h3 h6 36. f4 Ng6 37. f5 Ne5 38. Ke3 Kf6 39. Rd6+ Kg5 40. Rd2
Ra1 41. Kd4 Nd7 42. Bd5 f6 43. Be6 Nc5 44. b4 Nb7 45. Kd5 a5 46. Kc6 Nd8+ 47.
Rxd8 axb4 48. Rg8+ Kf4 49. Rg6 Ke5 50. Rxh6 Rg1 51. Rxh4 Rxg2 52. Rxb4 Rc2+ 53.
Kxb6 Rc3 54. h4 Ra3 55. Kc7 Ra7+ 56. Kd8 Rh7 57. a4 Kd6 58. Kc8 Kc5 59. Rb5+ Kc6
60. Bd5+ Kd6 61. a5 Rh8+ 62. Kb7 Rh7+ 63. Kb6 Rxh4 64. a6 Ra4 65. a7 Kd7 66.
a8=Q 1-0

[Event "World Blitz Women 2017"]
[Site "Riyadh KSA"]
[Date "2017.12.29"]
[Round "3.19"]
[White "Khukhashvili, Sopiko"]
[Black "Krush, Irina"]
[Result "0-1"]
[WhiteTitle "IM"]
[BlackTitle "GM"]
[WhiteElo "2312"]
[BlackElo "2431"]
[WhiteFideId "13602055"]
[BlackFideId "2012782"]
[EventDate "2017.12.29"]

1. e4 c5 2. Nf3 e6 3. d4 cxd4 4. Nxd4 Nc6 5. Nc3 Qc7 6. g3 a6 7. Bg2 d6 8. O-O
Be7 9. Be3 h5 10. h3 h4 11. g4 g5 12. Nxc6 bxc6 13. Qd2 f6 14. Na4 Rb8 15. c4 c5
16. Nc3 Nh6 17. b3 Nf7 18. Rad1 Ne5 19. f4 gxf4 20. Bxf4 Rg8 21. Qe2 Bf8 22. Kh1
Qg7 23. Qf2 Be7 24. Na4 Bb7 25. g5 fxg5 26. Bxe5 Qxe5 27. Qf7+ Kd7 28. Nb6+ Kc7
29. Qxe7+ Kxb6 30. Qxd6+ Qxd6 31. Rxd6+ Ka5 32. Rxe6 g4 33. Rf5 Rbc8 34. hxg4
Rxg4 35. Bf3 Rg3 36. Kh2 Rc7 37. Ree5 Kb4 38. Bh1 a5 39. Rg5 Re3 40. Rg1 Rd7 41.
Rh5 Rd2+ 42. Rg2 Rd1 43. Rxh4 Bxe4 44. Rg1 Rxg1 45. Kxg1 Re1+ 46. Kf2 Rxh1 47.
Rxe4 Rh2+ 48. Ke3 Rxa2 49. Re5 Rb2 50. Re8 Rxb3+ 51. Kd2 Kxc4 52. Ra8 Ra3 53.
Kc2 a4 54. Kb2 Rb3+ 55. Kc2 Kb4 56. Rb8+ Ka3 57. Rc8 Rb5 58. Ra8 Rb4 59. Kc3 Rb5
60. Ra7 Rb6 61. Rc7 Rb5 62. Ra7 Rb8 63. Rc7 Rh8 64. Rxc5 Rh3+ 65. Kc2 Ka2 66.
Rb5 a3 67. Rb8 Rh7 68. Rb6 Rc7+ 69. Kd2 Ka1 70. Rb8 a2 71. Rb6 Rc5 72. Kd3 Rc1
73. Kd2 Rb1 74. Ra6 Kb2 75. Rb6+ Ka3 76. Ra6+ Kb3 77. Rb6+ Kc4 78. Rc6+ Kd5 79.
Ra6 a1=Q 80. Rxa1 Rxa1 81. Kd3 Ra3+ 0-1

[Event "World Blitz Women 2017"]
[Site "Riyadh KSA"]
[Date "2017.12.29"]
[Round "3.20"]
[White "Khotenashvili, Bela"]
[Black "Girya, Olga"]
[Result "1-0"]
[WhiteTitle "GM"]
[BlackTitle "WGM"]
[WhiteElo "2476"]
[BlackElo "2484"]
[WhiteFideId "13602640"]
[BlackFideId "4195752"]
[EventDate "2017.12.29"]

1. d4 Nf6 2. c4 e6 3. g3 d5 4. Nf3 Be7 5. Bg2 O-O 6. O-O Nbd7 7. Qc2 c6 8. Nbd2
b6 9. e4 dxc4 10. Nxc4 Bb7 11. Bf4 c5 12. Rfe1 cxd4 13. Nd6 Bxd6 14. Bxd6 d3 15.
Qb3 Re8 16. e5 Ne4 17. Qxd3 Ndc5 18. Qd4 Nxd6 19. exd6 Rc8 20. b4 Nd7 21. Rac1
Rxc1 22. Rxc1 Nf6 23. Ne5 Bxg2 24. Kxg2 Nd5 25. d7 Rf8 26. Rc8 Qe7 27. Qc4 f6
28. Rxf8+ Qxf8 29. Nc6 1-0

[Event "World Blitz Women 2017"]
[Site "Riyadh KSA"]
[Date "2017.12.29"]
[Round "3.21"]
[White "Michna, Marta"]
[Black "Sedina, Elena"]
[Result "1/2-1/2"]
[WhiteTitle "WGM"]
[BlackTitle "IM"]
[WhiteElo "2377"]
[BlackElo "2312"]
[WhiteFideId "1106686"]
[BlackFideId "812153"]
[EventDate "2017.12.29"]

1. Nf3 d5 2. d3 Nf6 3. Nbd2 g6 4. e4 e6 5. Be2 Bg7 6. c3 O-O 7. a4 c5 8. Qc2 Nc6
9. O-O b6 10. Re1 Bb7 11. Bf1 Qc7 12. g3 Rad8 13. Bg2 dxe4 14. dxe4 Ba6 15. Bf1
Bxf1 16. Rxf1 Qd7 17. Nc4 Qd3 18. Qxd3 Rxd3 19. Nfe5 Nxe5 20. Nxe5 Rdd8 21. Bg5
h6 22. Bxf6 Bxf6 23. Nc6 Rd2 24. Rab1 a6 25. e5 Bg7 26. Rfd1 Rxd1+ 27. Rxd1 f6
28. exf6 Bxf6 29. Rd6 b5 30. axb5 axb5 31. Rxe6 Kf7 32. Rd6 Ra8 33. Rd2 Rc8 34.
Na5 Ra8 35. Nb7 Be7 36. Kg2 Ra1 37. Rd5 Rb1 38. Nxc5 Bxc5 39. Rxc5 Rxb2 40. Rc6
h5 41. h4 b4 42. cxb4 Rxb4 43. Kh3 Kg7 44. Rc3 Rb2 45. Rf3 Rb4 46. Kg2 Rb2 47.
Rf4 Rb3 48. Kf1 Rb2 49. Ke1 Ra2 50. Kf1 Rb2 51. Re4 Ra2 52. Re2 Ra1+ 53. Kg2 Ra3
54. Re3 Ra2 55. Kf3 Ra4 56. Re4 Ra2 57. Rb4 Rc2 58. Rb6 Kf7 59. Ke3 Ra2 60. Rd6
Ra3+ 61. Rd3 Ra4 62. f3 Ra1 63. Rd4 Ra5 64. Kf4 Ra3 65. Rb4 Kf6 66. Rb6+ Kf7 67.
Rb4 Kf6 68. g4 hxg4 69. fxg4 Kf7 70. Kg5 Ra6 71. Rb7+ Kf8 72. Rb4 Kf7 73. Kh6
Kf8 74. Rf4+ Kg8 75. Kg5 Kg7 76. Rd4 Ra5+ 77. Kf4 Kf6 78. g5+ Kf7 79. Rd7+ Kf8
80. Rd4 Rb5 81. Re4 Kf7 82. Kg4 Kg7 83. Rf4 Ra5 84. Rb4 Rc5 85. Rb7+ Kg8 86. Kf4
Ra5 87. Re7 Kf8 88. Re5 Ra4+ 89. Re4 Ra5 90. Re5 Ra4+ 91. Re4 Ra5 92. Kg4 Kf7
93. h5 gxh5+ 94. Kxh5 Kg7 95. Rb4 Rc5 96. Rb7+ Kg8 97. Kh6 Rc6+ 98. g6 Rc8 99.
Rh7 Ra8 100. Rg7+ Kh8 101. Rb7 Kg8 102. Rb6 Kh8 103. g7+ Kg8 104. Rf6 Rb8 105.
Rc6 Ra8 106. Kg6 Rb8 107. Kf6 Ra8 108. Rb6 Rc8 109. Rb7 Ra8 110. Ke5 Re8+ 111.
Kd6 Ra8 112. Ke6 Re8+ 113. Kf6 Ra8 1/2-1/2

[Event "World Blitz Women 2017"]
[Site "Riyadh KSA"]
[Date "2017.12.29"]
[Round "3.22"]
[White "Hoolt, Sarah"]
[Black "Batsiashvili, Nino"]
[Result "0-1"]
[WhiteTitle "WGM"]
[BlackTitle "IM"]
[WhiteElo "2405"]
[BlackElo "2502"]
[WhiteFideId "24606812"]
[BlackFideId "13602993"]
[EventDate "2017.12.29"]

1. e4 e5 2. Nf3 Nc6 3. Bc4 Nf6 4. d3 Bc5 5. O-O O-O 6. a4 a5 7. Ba2 d5 8. exd5
Nxd5 9. Nbd2 Bg4 10. h3 Bh5 11. Ne4 Be7 12. Ng3 Bg6 13. Re1 Ndb4 14. Bb3 Bd6 15.
Ne4 Kh8 16. c3 Na6 17. d4 exd4 18. Nxd6 Qxd6 19. Nxd4 Nxd4 20. Qxd4 Qxd4 21.
cxd4 Rad8 22. Be3 Nb4 23. Rec1 c6 24. Rc5 b6 25. Rc3 Be4 26. d5 c5 27. Rd1 Bxd5
28. Bxd5 Rxd5 29. Rxd5 Nxd5 30. Rd3 Rd8 31. Bg5 Rd7 32. Rd2 f6 33. Re2 Kg8 34.
Bh4 Kf7 35. Bg3 Nb4 36. f3 Rd1+ 37. Kh2 Rd3 38. Bc7 Nd5 39. Bd6 Rd4 40. b3 Rd3
41. Rb2 Ke6 42. Bg3 Kd7 43. h4 Nb4 44. Bf4 Nc6 45. h5 Nd4 46. h6 gxh6 47. Bxh6
Rxb3 48. Rd2 Rc3 49. Kg3 Rc4 50. Kf4 Rxa4 51. g4 Ke6 52. Kg3 Ra3 53. Rf2 b5 54.
Bf8 Rc3 55. Kh4 b4 56. f4 a4 57. f5+ Kf7 58. Bd6 a3 59. Rf1 a2 60. Re1 Nc6 61.
g5 fxg5+ 62. Kxg5 Rc2 63. Rh1 Rg2+ 64. Kf4 b3 65. Rxh7+ Ke8 66. f6 Rf2+ 67. Kg5
b2 68. f7+ Rxf7 69. Rh8+ 0-1

[Event "World Blitz Women 2017"]
[Site "Riyadh KSA"]
[Date "2017.12.29"]
[Round "3.23"]
[White "Zatonskih, Anna"]
[Black "Mammadova, Gulnar"]
[Result "1/2-1/2"]
[WhiteTitle "IM"]
[BlackTitle "IM"]
[WhiteElo "2452"]
[BlackElo "2357"]
[WhiteFideId "14101572"]
[BlackFideId "13403508"]
[EventDate "2017.12.29"]

1. e4 g6 2. d4 c6 3. Nc3 Bg7 4. Nf3 d5 5. h3 Nh6 6. Bf4 f6 7. exd5 cxd5 8. Nb5
Na6 9. c4 O-O 10. Be2 Nf7 11. cxd5 Qxd5 12. O-O g5 13. Bg3 Bf5 14. Re1 Rac8 15.
Nc3 Qd7 16. Bb5 Qd8 17. Qb3 Kh8 18. Bc4 Nd6 19. Be6 Bxe6 20. Rxe6 Nc7 21. Re2 b6
22. Nd5 Nxd5 23. Qxd5 Qd7 24. Rae1 Rfe8 25. Bxd6 exd6 26. Rxe8+ Rxe8 27. Rxe8+
Qxe8 28. Qxd6 h6 29. b3 Qe4 30. Qb8+ Kh7 31. Qxa7 f5 32. Qd7 Qf4 33. Ne5 Qc1+
34. Kh2 Qf4+ 35. Kg1 Qc1+ 36. Kh2 Qf4+ 37. Kg1 1/2-1/2

[Event "World Blitz Women 2017"]
[Site "Riyadh KSA"]
[Date "2017.12.29"]
[Round "3.24"]
[White "Melia, Salome"]
[Black "Buksa, Nataliya"]
[Result "1-0"]
[WhiteTitle "IM"]
[BlackTitle "WGM"]
[WhiteElo "2404"]
[BlackElo "2385"]
[WhiteFideId "13602446"]
[BlackFideId "14123622"]
[EventDate "2017.12.29"]

1. b3 d5 2. Bb2 c5 3. e3 Nf6 4. f4 Nc6 5. Nf3 b6 6. g3 Bb7 7. Bg2 e6 8. O-O Bd6
9. Qe2 Qc7 10. c4 dxc4 11. bxc4 Be7 12. Nc3 a6 13. Rac1 Rd8 14. Rfd1 O-O 15. d3
Qb8 16. Rd2 Qa8 17. Nd1 Nd7 18. Nf2 Bf6 19. d4 Na5 20. Ng4 Be7 21. Nfe5 Nxe5 22.
Nxe5 Bf6 23. Ng4 Be7 24. d5 Qc8 25. e4 exd5 26. cxd5 Rfe8 27. Ne3 Qd7 28. e5 Bf8
29. Rdd1 b5 30. Qd2 Nc4 31. Nxc4 bxc4 32. Rxc4 Qb5 33. Qc3 Rd7 34. a4 Qb6 35.
Ba3 Red8 36. d6 Bxg2 37. Kxg2 Qb7+ 38. Qf3 Qb6 39. Bxc5 Qb2+ 40. Qf2 Qb3 41.
Rdc1 Rc8 42. R4c3 Qxa4 43. Bd4 Rxc3 44. Bxc3 a5 45. Qf3 Qb5 46. Ra1 a4 47. Qe4
Ra7 48. Bd4 Rb7 49. Bf2 Qb3 50. Rxa4 h5 51. h3 Qb5 52. Rd4 Rd7 53. Qd5 Qb2 54.
e6 Ra7 55. e7 Rxe7 56. dxe7 Bxe7 57. Re4 Bf6 58. Re8+ Kh7 59. Qxh5# 1-0

[Event "World Blitz Women 2017"]
[Site "Riyadh KSA"]
[Date "2017.12.29"]
[Round "3.25"]
[White "Saduakassova, Dinara"]
[Black "Zimina, Olga"]
[Result "1-0"]
[WhiteTitle "IM"]
[BlackTitle "IM"]
[WhiteElo "2460"]
[BlackElo "2415"]
[WhiteFideId "13700090"]
[BlackFideId "4132190"]
[EventDate "2017.12.29"]

1. d4 Nf6 2. c4 c5 3. d5 e6 4. Nc3 exd5 5. cxd5 d6 6. e4 g6 7. h3 Bg7 8. Nf3 O-O
9. Bd3 Nbd7 10. O-O Re8 11. Bf4 Bf8 12. Re1 a6 13. a4 Qc7 14. Qe2 Nh5 15. Bh2 f5
16. Qd2 c4 17. Bc2 fxe4 18. Nxe4 Nc5 19. Nxc5 Rxe1+ 20. Rxe1 Qxc5 21. Ng5 Nf6
22. Qf4 Bg7 23. Re8+ 1-0

[Event "World Blitz Women 2017"]
[Site "Riyadh KSA"]
[Date "2017.12.29"]
[Round "3.26"]
[White "Nguyen, Thi Mai Hung"]
[Black "Mamedjarova, Zeinab"]
[Result "0-1"]
[WhiteTitle "WGM"]
[BlackTitle "WGM"]
[WhiteElo "2321"]
[BlackElo "2363"]
[WhiteFideId "12401676"]
[BlackFideId "13401521"]
[EventDate "2017.12.29"]

1. d4 d5 2. Nf3 Nf6 3. e3 e6 4. Bd3 Be7 5. O-O O-O 6. Nbd2 b6 7. b3 Bb7 8. Bb2
Nbd7 9. Ne5 Nxe5 10. dxe5 Nd7 11. f4 Nc5 12. Be2 f6 13. Nf3 Nd7 14. Nd4 Nc5 15.
b4 fxe5 16. fxe5 Rxf1+ 17. Qxf1 Na4 18. Ba3 Bg5 19. Nxe6 Bxe3+ 20. Kh1 Qe7 21.
Bg4 a5 22. Qe1 d4 23. Rd1 Nc3 24. Rxd4 Bxd4 25. Nxd4 axb4 26. Bc1 Bd5 27. Nf5
Qf7 28. h3 Be6 29. Ne3 Rxa2 30. Qg3 Ra1 31. Bxe6 Rxc1+ 32. Kh2 Qxe6 33. Ng4 Rf1
34. Nf6+ Rxf6 35. exf6 Qd6 36. fxg7 Qxg3+ 37. Kxg3 Kxg7 38. Kf4 Kf6 39. Ke3 Ke5
40. g4 Nd5+ 41. Kd3 b5 42. h4 c5 43. g5 c4+ 44. Kd2 Nf4 45. Ke3 Ng2+ 46. Kf3
Nxh4+ 47. Kg4 b3 48. cxb3 cxb3 49. Kxh4 b2 50. Kh5 b1=Q 0-1

[Event "World Blitz Women 2017"]
[Site "Riyadh KSA"]
[Date "2017.12.29"]
[Round "3.27"]
[White "Socko, Monika"]
[Black "Ambartsumova, Karina"]
[Result "1-0"]
[WhiteTitle "GM"]
[BlackTitle "WGM"]
[WhiteElo "2471"]
[BlackElo "2359"]
[WhiteFideId "1106619"]
[BlackFideId "4166299"]
[EventDate "2017.12.29"]

1. d4 Nf6 2. c4 g6 3. Nf3 Bg7 4. g3 O-O 5. Bg2 d6 6. O-O Nc6 7. Nc3 Bf5 8. Ne1
Bd7 9. h3 e5 10. d5 Ne7 11. e4 a6 12. Nd3 c5 13. dxc6 Nxc6 14. Be3 Be6 15. Nd5
Bxd5 16. cxd5 Ne7 17. Rc1 Rc8 18. Qb3 Qd7 19. Kh2 Rxc1 20. Rxc1 Rc8 21. Rxc8+
Qxc8 22. Qb6 Ne8 23. f4 f6 24. fxe5 fxe5 25. Bg5 Bf8 26. Nf2 h6 27. Be3 Qc7 28.
Qb3 Nf6 29. Qd1 Kh7 30. Qf3 Bg7 31. Qe2 Qc8 32. Nd1 Qc7 33. Nc3 Qc8 34. Na4 Qc7
35. Nb6 Nc8 36. Nc4 Ne7 37. a4 Nd7 38. b4 Nc8 39. b5 axb5 40. axb5 Nc5 41. Nd2
b6 42. Qc4 Ne7 43. Nb3 Nc8 44. Nxc5 dxc5 45. Qf1 Nd6 46. Qf2 Qd7 47. h4 Nxb5 48.
Bh3 Qe7 49. h5 gxh5 50. Qf5+ Kh8 51. Qc8+ Qf8 52. Qc6 Nd4 53. Bxd4 cxd4 54. Qxb6
Qf2+ 55. Bg2 h4 56. Qd8+ Bf8 57. Qxh4 d3 58. d6 d2 59. Qh5 d1=Q 60. Qxd1 Qf6 61.
d7 Be7 62. Qg4 Bd8 63. Qe2 Be7 64. Qd2 Bd8 65. Bh3 Kg7 66. Bf5 Qg5 67. Qb2 Qf6
68. Kg2 Qd6 69. Qe2 Bg5 70. Kh3 Bd8 71. Qh5 Bg5 72. Qe8 Qe7 73. Qg6+ Kf8 74. Qc6
Qf6 75. Qc5+ Kg7 76. Qc7 Qe7 77. d8=Q 1-0

[Event "World Blitz Women 2017"]
[Site "Riyadh KSA"]
[Date "2017.12.29"]
[Round "3.28"]
[White "Doluhanova, Evgeniya"]
[Black "Berend, Elvira"]
[Result "1/2-1/2"]
[WhiteTitle "WGM"]
[BlackTitle "WGM"]
[WhiteElo "2352"]
[BlackElo "2303"]
[WhiteFideId "14112035"]
[BlackFideId "4000510"]
[EventDate "2017.12.29"]

1. e4 e5 2. Nf3 Nc6 3. Nc3 Nf6 4. d4 exd4 5. Nxd4 Bb4 6. Nxc6 bxc6 7. Bd3 d5 8.
exd5 cxd5 9. O-O O-O 10. h3 c6 11. Qf3 Be6 12. Bf4 Bd6 13. Rad1 Rb8 14. b3 Rb4
15. Ne2 Bxf4 16. Nxf4 Qc7 17. c4 a5 18. a3 Rbb8 19. cxd5 Bxd5 20. Nxd5 cxd5 21.
g4 h6 22. h4 Qd7 23. Bf5 Qe7 24. g5 hxg5 25. hxg5 Ne4 26. Rxd5 Nxg5 27. Qg3 Rb6
28. f4 Ne4 29. Qe3 Re6 30. Bxe6 Qxe6 31. Re5 Qg4+ 32. Kh2 Nf6 33. Qg3 Qd7 34.
Rg1 g6 35. f5 Kg7 36. fxg6 Rh8+ 37. Kg2 Qd2+ 38. Kf3 Qc3+ 39. Re3 Qc6+ 40. Kf2
Qc2+ 41. Re2 Ne4+ 42. Kf3 Qxe2+ 43. Kxe2 Nxg3+ 44. Rxg3 fxg6 45. b4 axb4 46.
axb4 Rb8 47. Rg4 Kf6 48. Kf3 Kf5 49. Rf4+ Ke5 50. Rc4 g5 51. Kg4 Kd5 52. Rc5+ 1/2-1/2

[Event "World Blitz Women 2017"]
[Site "Riyadh KSA"]
[Date "2017.12.29"]
[Round "3.29"]
[White "Szczepkowska, Karina"]
[Black "Bulmaga, Irina"]
[Result "1/2-1/2"]
[WhiteTitle "IM"]
[BlackTitle "IM"]
[WhiteElo "2419"]
[BlackElo "2427"]
[WhiteFideId "1122681"]
[BlackFideId "13903063"]
[EventDate "2017.12.29"]

1. d4 Nf6 2. c4 e6 3. Nf3 b6 4. a3 Bb7 5. Nc3 d5 6. Bg5 Be7 7. Qa4+ Qd7 8. Qc2
dxc4 9. e4 h6 10. Bf4 O-O 11. Bxc4 c5 12. d5 exd5 13. exd5 Bd6 14. Bxd6 Qxd6 15.
O-O a6 16. Rad1 b5 17. Ba2 Nbd7 18. Bb1 b4 19. Ne4 Nxe4 20. Qxe4 Nf6 21. Qf5
bxa3 22. bxa3 Rad8 23. Ne5 h5 24. Nc4 Qd7 25. Qxd7 Rxd7 26. d6 Bd5 27. Ne3 Rxd6
28. Rc1 Rc8 29. Bf5 Rcc6 30. Rfd1 g6 31. Bb1 Be4 32. Ba2 Rd3 33. Rxd3 Bxd3 34.
Rc3 Be4 35. f3 Bf5 36. Nxf5 gxf5 37. Kf2 Kg7 38. Ke3 a5 39. Rd3 c4 40. Rd4 c3
41. Rd1 Rb6 42. Rc1 Rb2 43. Bc4 Rxg2 44. Rxc3 Rxh2 45. Rb3 h4 46. Rb7 h3 47.
Bxf7 Rh1 48. Kf2 Kh6 49. Be6 h2 50. Kg2 Re1 51. Kxh2 Rxe6 52. Rb5 a4 53. Rxf5
Kg6 54. Ra5 Re3 55. Rxa4 Rxf3 56. Kg2 Rb3 57. Kf2 Kf5 58. Ke2 Ne4 59. Ra8 Rb2+
60. Kd3 Rd2+ 61. Kc4 Rc2+ 62. Kb3 Rc3+ 63. Kb4 Rc1 64. Rf8+ Ke5 65. Re8+ Kd5 66.
Rd8+ Nd6 67. Kb3 Rb1+ 68. Kc2 Rb6 69. Kc3 Ra6 70. Kb4 Rb6+ 71. Kc3 Kc5 72. Rh8
Nb5+ 73. Kb3 Nd4+ 74. Kc3 Rb3+ 75. Kd2 Rxa3 76. Rc8+ Kd5 77. Rd8+ Ke5 78. Re8+
Ne6 79. Kc2 Kd5 80. Kb2 Re3 81. Ra8 Nc5 82. Rh8 Kd4 83. Rh4+ Ne4 84. Rg4 Rd3 85.
Rh4 Rd2+ 86. Kb3 Rd1 87. Kb2 Kd5 88. Rh8 Kc4 89. Rh4 Rd4 90. Rg4 Kd3 91. Rh4
Rb4+ 92. Ka3 Rb7 93. Ka4 Kd4 94. Ka3 Kd5 95. Rh5+ Kc4 96. Rh4 Re7 97. Kb2 Kd3
98. Rh3+ Kd4 99. Rh4 Rb7+ 100. Kc2 Kd5 101. Rh5+ Ke6 102. Rh6+ Kf5 103. Rh5+ Kf4
104. Rh4+ Ke3 105. Rh3+ Kf2 106. Rh2+ Kg3 107. Rh8 Rc7+ 108. Kd3 Nf2+ 109. Kd4
Rd7+ 110. Ke5 Ng4+ 111. Ke6 Rg7 112. Kd5 Ne3+ 113. Ke4 Ng4 114. Kd5 Kf4 115.
Rf8+ Ke3 116. Kc4 Rc7+ 117. Kd5 Nf2 118. Kd6 Ra7 119. Kd5 Ra5+ 120. Kc4 Ne4 121.
Re8 Rc5+ 122. Kb4 Rc7 123. Kb3 Rd7 124. Kb4 Kd4 125. Rb8 Nc5 126. Kb5 Rd5 127.
Rh8 Nd7+ 1/2-1/2

[Event "World Blitz Women 2017"]
[Site "Riyadh KSA"]
[Date "2017.12.29"]
[Round "3.30"]
[White "Ovod, Evgenija"]
[Black "Mkrtchian, Lilit"]
[Result "0-1"]
[WhiteTitle "IM"]
[BlackTitle "IM"]
[WhiteElo "2364"]
[BlackElo "2376"]
[WhiteFideId "4131827"]
[BlackFideId "13300601"]
[EventDate "2017.12.29"]

1. d4 d5 2. c4 e6 3. Nc3 Be7 4. Nf3 Nf6 5. Bf4 O-O 6. e3 Nbd7 7. c5 c6 8. h3 h6
9. Bd3 b6 10. b4 a5 11. a3 Ba6 12. O-O Qc8 13. Rb1 axb4 14. axb4 Bxd3 15. Qxd3
Qb7 16. Rfc1 Ra3 17. Qc2 Rfa8 18. Kh2 Bd8 19. cxb6 Qxb6 20. Nd1 R3a6 21. Rb3 Bc7
22. Bxc7 Qxc7+ 23. g3 Qb7 24. Nb2 Ne4 25. Kg2 Nd6 26. Qd3 Ra2 27. Nd2 Nb6 28.
Qc3 Na4 29. Nxa4 R8xa4 30. Nf3 Rxf2+ 31. Kxf2 Ne4+ 32. Ke2 Nxc3+ 33. Rbxc3 Qxb4
34. Ne5 Ra2+ 35. Kf3 Qb2 36. R1c2 Qxc2 37. Rxc2 Rxc2 38. h4 c5 39. dxc5 Rxc5 40.
g4 f6 41. Nd3 Rc3 42. Nf4 d4 43. g5 Rxe3+ 44. Kg4 hxg5 45. hxg5 fxg5 46. Kxg5 d3 0-1

[Event "World Blitz Women 2017"]
[Site "Riyadh KSA"]
[Date "2017.12.29"]
[Round "3.31"]
[White "Fierro Baquero, Martha L."]
[Black "Mamedjarova, Turkan"]
[Result "1-0"]
[WhiteTitle "IM"]
[BlackTitle "WGM"]
[WhiteElo "2369"]
[BlackElo "2260"]
[WhiteFideId "3600270"]
[BlackFideId "13402005"]
[EventDate "2017.12.29"]

1. c4 e6 2. Nf3 Nf6 3. g3 d5 4. b3 c6 5. Bg2 Bd6 6. O-O O-O 7. Nc3 Nbd7 8. d3 d4
9. Nxd4 Be5 10. e3 c5 11. Nde2 a6 12. Bb2 Re8 13. Qc2 Rb8 14. Rad1 b5 15. d4
cxd4 16. Nxd4 Bxd4 17. Rxd4 Qc7 18. cxb5 axb5 19. Rc1 Qa7 20. Bc6 Ne5 21. Bg2
Bb7 22. Nxb5 Qb6 23. Qc5 Bxg2 24. Qxe5 Bh3 25. Rh4 Bf5 26. Nd6 Red8 27. Nxf5
exf5 28. Qxf5 h6 29. Bxf6 Qxf6 30. Qxf6 gxf6 31. Rc2 Kg7 32. Rd4 Re8 33. b4 Re6
34. Rb2 Ra6 35. b5 Ra3 36. b6 Rb7 37. Rc4 Ra6 38. Rcb4 Ra3 39. h4 Kg6 40. Rb5 f5
41. Rc5 Ra6 42. Rc6+ Kh5 43. Kg2 Kg4 44. Rb4+ Kh5 45. a4 Ra5 46. Rc7 Rxc7 47.
bxc7 Rc5 48. Rb7 Kg6 49. a5 1-0

[Event "World Blitz Women 2017"]
[Site "Riyadh KSA"]
[Date "2017.12.29"]
[Round "3.32"]
[White "Gevorgyan, Maria"]
[Black "Gara, Anita"]
[Result "1-0"]
[WhiteTitle "WIM"]
[BlackTitle "IM"]
[WhiteElo "2275"]
[BlackElo "2367"]
[WhiteFideId "13300270"]
[BlackFideId "709751"]
[EventDate "2017.12.29"]

1. e4 c5 2. Nc3 a6 3. g3 b5 4. Bg2 Bb7 5. Nge2 e6 6. d4 cxd4 7. Nxd4 d6 8. O-O
Nd7 9. Re1 Qc7 10. a4 b4 11. Na2 Ngf6 12. Nxb4 d5 13. Nxd5 exd5 14. exd5+ Kd8
15. Nc6+ Kc8 16. c4 Bd6 17. b4 Bxc6 18. dxc6 Ne5 19. c5 Be7 20. Bf4 Rd8 21. Qe2
Nfg4 22. Bh3 f5 23. Bxg4 fxg4 24. Bxe5 Qxc6 25. Qxg4+ Rd7 26. b5 axb5 27. axb5
Qd5 28. Rxa8+ Qxa8 29. c6 h5 30. Qxd7# 1-0

[Event "World Blitz Women 2017"]
[Site "Riyadh KSA"]
[Date "2017.12.29"]
[Round "3.33"]
[White "Gu, Xiaobing"]
[Black "Munguntuul, Batkhuyag"]
[Result "1-0"]
[WhiteTitle "WGM"]
[BlackTitle "IM"]
[WhiteElo "2332"]
[BlackElo "2397"]
[WhiteFideId "8602611"]
[BlackFideId "4900758"]
[EventDate "2017.12.29"]

1. e4 c5 2. Nf3 e6 3. g3 Nc6 4. Bg2 d5 5. exd5 exd5 6. d4 Bg4 7. h3 Bxf3 8. Qxf3
Nxd4 9. Qd3 Nf6 10. Nc3 Be7 11. Bg5 O-O 12. O-O Nc6 13. Bxf6 Bxf6 14. Nxd5 Bxb2
15. Rab1 Bd4 16. Rxb7 Rc8 17. c3 Be5 18. Rd1 Qa5 19. Rb5 Qxa2 20. Rxc5 Kh8 21.
Rxc6 Rxc6 22. Nb4 Rxc3 23. Nxa2 Rxd3 24. Rxd3 Rb8 25. Nb4 h6 26. Nc6 Rb1+ 27.
Kh2 Bf6 28. Nxa7 Rb2 29. Rf3 Bd4 30. Nc6 Bxf2 31. Rxf7 Bc5 32. h4 Bd6 33. Nd4
Be5 34. Nf5 Rb3 35. Be4 g6 36. Nxh6 Rxg3 37. Re7 Bf4 38. Nf7+ Kg8 39. Kh1 Kf8
40. Rb7 Rg4 41. Bd5 Rxh4+ 42. Kg2 Rg4+ 43. Kf3 Rh4 44. Nd8 Bd6 45. Ne6+ Kg8 46.
Rg7+ Kh8 47. Rd7 Be5 48. Ng5 Rf4+ 49. Ke3 Rf8 50. Nf7+ Kg7 51. Nxe5+ Kf6 52. Nc4
Re8+ 53. Kd4 g5 54. Rf7+ Kg6 55. Rf1 g4 56. Ne5+ Kg5 57. Rg1 1-0

[Event "World Blitz Women 2017"]
[Site "Riyadh KSA"]
[Date "2017.12.29"]
[Round "3.34"]
[White "Cramling, Pia"]
[Black "Kovanova, Baira"]
[Result "1-0"]
[WhiteTitle "GM"]
[BlackTitle "WGM"]
[WhiteElo "2450"]
[BlackElo "2367"]
[WhiteFideId "1700030"]
[BlackFideId "4164083"]
[EventDate "2017.12.29"]

1. Nf3 Nf6 2. c4 e6 3. g3 b6 4. Bg2 Bb7 5. O-O Be7 6. Nc3 O-O 7. d4 Ne4 8. Qc2
d5 9. Ne5 Nxc3 10. bxc3 Nd7 11. Bf4 Nxe5 12. Bxe5 Bd6 13. Bxd6 Qxd6 14. cxd5
exd5 15. c4 c5 16. dxc5 Qxc5 17. Rac1 Rac8 18. Qd2 Ba6 19. cxd5 Qd6 20. Rfd1 Bc4
21. e4 b5 22. Qd4 Bxa2 23. Qxa7 Bc4 24. Qd4 Rfe8 25. f4 f6 26. Re1 Rcd8 27. e5
fxe5 28. fxe5 Qb4 29. d6 Qb3 30. Rb1 Qa2 31. Ra1 Qb3 32. Reb1 Qc2 33. Bd5+ Kh8
34. Rc1 Qe2 35. Bxc4 bxc4 36. Re1 Qc2 37. Rac1 Qb3 38. Qxc4 Qb2 39. Qc3 Qb5 40.
Qc5 Qb2 41. e6 Ra8 42. d7 Rg8 43. e7 Ra2 44. Rc2 1-0

[Event "World Blitz Women 2017"]
[Site "Riyadh KSA"]
[Date "2017.12.29"]
[Round "3.35"]
[White "Mammadzada, Gunay"]
[Black "Ordaz Valdes, Lisandra Teresa"]
[Result "1-0"]
[WhiteTitle "WGM"]
[BlackTitle "WGM"]
[WhiteElo "2333"]
[BlackElo "2414"]
[WhiteFideId "13403729"]
[BlackFideId "3506940"]
[EventDate "2017.12.29"]

1. e4 e5 2. Nf3 d6 3. d4 exd4 4. Nxd4 Nf6 5. Nc3 Be7 6. Be2 O-O 7. O-O Re8 8. f4
Bf8 9. Bf3 c5 10. Nb3 Nc6 11. Be3 Bf5 12. Nd2 d5 13. exd5 Nb4 14. Bf2 Bxc2 15.
Qc1 Bf5 16. Bh4 Nc2 17. Nde4 Nxa1 18. Nxf6+ gxf6 19. Qxa1 c4 20. Kh1 Bd3 21. Rd1
Bg7 22. Qc1 Qb6 23. b3 f5 24. bxc4 Bxc4 25. d6 Be6 26. Nd5 Bxd5 27. Bxd5 Kh8 28.
Bxf7 Rec8 29. Qd2 Qb2 30. Qxb2 Bxb2 31. d7 Rd8 32. Be6 Kg7 33. Bxd8 Rxd8 34. Rb1
Bd4 35. Rxb7 Kf6 36. Bb3 Bb6 37. g3 Ke7 38. Ba4 Kd6 39. Kg2 Kc5 40. Kf3 Kb4 41.
Bc2 Rf8 42. h3 h5 43. Bb3 Kc5 44. Ba4 Kd6 45. Ke2 Rg8 46. Kf3 Rf8 47. Kg2 Rd8
48. Bd1 Rh8 49. Bf3 Kc5 50. Bxh5 1-0